LEADER 00958nam a2200217 i 4500 001 000000229016 003 CaOOAMICUS 005 20140423000000.0 008 140423s1828 it u000 u fre u 013 $a207918 026 $antes 6.i; v.e, deso (7) 1828 (A) 040 $aSeMil$bita 245 10$aDeuxième partie, suite des Pères dogmatiques. Tome dix-neuvième. 300 $a387, [1] p. 500 $aSull'occhietto : Saint Jean Chrysostome. Tome 7. 773 0 $tBibliothèque choisie des Pères de l'Église grecque et latine, ou cours d'éloquence sacrée; par Marie-Nicolas-Sylvestre Guillon ... Tome 1. [-36.].$dParis : Chez Méquignon-Havard, 1828-1829$g19$w()29766 850 $aSeMil 852 $aSeMil$W1$xVenegono$y1$m2S I 19 FA$j179362$B179362$CSeMilBibl$Z2$F190462 $8I 941 1 $a10 961 $aLascito: Mantegazza 996 $6245$aDeuxième partie, suite des Pères dogmatiques. Tome dix-neuvième$9(OLS)http://semarc/title/327688 LEADER 01161nam a2200265 i 4500 001 000000080447 003 CaOOAMICUS 005 20131120000000.0 008 131120s2006 xx u000 u fre u 013 $a52685 020 $a9782204083201 040 $aSeMil$bita 245 10$aTexte national pour l'orientation de la catéchèse en France et principes d'organisation /$cpréface de Jean-Pierre Ricard. 260 $aParis :$bBayard,$c2006. 300 $a116 p. ;$c22 cm. 490 0 $aDocuments d'Église 650 4$aCatechesi - Francia - Sec. 21.$0(OLS)http://semarc/subject/16018 700 1 $aRicard, Jean-Pierre .$0(OLS)http://semarc/name/38670 830 0$aDocuments d'Église.$0(OLS)http://semarc/title/10922 850 $aSeMil 852 $aSeMil$W1$xVenegono$y1$m2C III 604$j45924$B45924$CSeMilBibl$Z2$F48044 $81 961 $aOmaggio: Bressan don Luca 996 $6020$a9782204083201$9(OLS)http://semarc/number/61648 996 $6245$aTexte national pour l'orientation de la catéchèse en France et principes d'organisation$9(OLS)http://semarc/title/128179 996 $6260$aParis :$bBayard$9(OLS)http://semarc/publisher/30832